000 00572nam a2200217Ia 4500
005 20250425162428.0
008 250425s9999 xx 000 0 und d
020 _a9872135509
041 _aspa
082 _a629.2
100 _aGUALTIERI, PABLO J.
245 0 _aMANUAL PARA EL USUARIO AUTOMOTOR: GENERALIDADES EL AUTOMOVIL UNA MAQUINA ESPECIAL
250 _a1A ED.
260 _aArgentina
_bNEGRI
_c2004
260 _aBUENOS AIRES
300 _a90
650 _aGENERALIDADES
650 _aMANUAL PARA EL USUARIO AUTOMOTOR
942 _c01
010 _a73084
999 _c229031
_d229031